000 00674nam a2200217Ii 4500
003 JO-AjNU
008 230605s9999||||xx |||||||||||||| ||und||
017 _a4110/2021
020 _a978-9922-615-97-4
040 _aJO-AjNU
_bara
_erda
_cJO-AjNU
041 _aara
050 1 4 _aTA710 2022
100 3 _aنهام، سحر صفاء هادي,
_eauthor
_964231
245 0 0 _aميكانيك التربة
264 3 1 _aالعراق: مؤسسة دار الصادق الثقافية، 2022
300 _a216ص
336 _atext
_btxt
_2rdacontent
337 _aunmediated
_bn
_2rdamedia
338 _avolume
_bnc
_2rdacarrier
650 4 _aالتربة-ميكانيك
_964232
999 _aA29179
_c32747
_d32747